Heroic leadership (Record no. 240636)

MARC details
000 -LEADER
fixed length control field 01329nam a22002297a 4500
005 - DATE AND TIME OF LATEST TRANSACTION
control field 20251103125735.0
008 - FIXED-LENGTH DATA ELEMENTS--GENERAL INFORMATION
fixed length control field 251103b |||||||| |||| 00| 0 eng d
020 ## - INTERNATIONAL STANDARD BOOK NUMBER
International Standard Book Number 9780829421156
040 ## - CATALOGING SOURCE
Transcribing agency AL
041 ## - LANGUAGE CODE
Language code of text/sound track or separate title English
082 ## - DEWEY DECIMAL CLASSIFICATION NUMBER
Classification number 658.4092
Item number LOWH
100 ## - MAIN ENTRY--PERSONAL NAME
Personal name Chris Lowney
100 ## - MAIN ENTRY--PERSONAL NAME
9 (RLIN) 243508
245 ## - TITLE STATEMENT
Title Heroic leadership
Remainder of title : best practices from a 450 year old company that changed the world
260 ## - PUBLICATION, DISTRIBUTION, ETC.
Place of publication, distribution, etc. Chicago
Name of publisher, distributor, etc. Loyola Press,
Date of publication, distribution, etc. 2003
300 ## - PHYSICAL DESCRIPTION
Extent 330p.
Other physical details PB
Dimensions 23x15cm
365 ## - TRADE PRICE
Price type code IN-87911
Price amount ₹1607.33
Currency code
Unit of pricing ₹1607.33
Price effective from 03-10-2025
520 ## - SUMMARY, ETC.
Summary, etc. Leadership Principles for Lasting Success<br/>Leadership makes great companies, but few of us truly understand how to turn ourselves and others into great leaders. One company—the Jesuits—pioneered a unique formula for molding leaders and in the process built one of history’s most successful companies.In this groundbreaking book, Chris Lowney reveals the leadership principles that have guided the Jesuits for more than 450 years: self-awareness, ingenuity, love, and heroism. Lowney shows how these same principles can make each of us a dynamic leader in the twenty-first century.
650 ## - SUBJECT ADDED ENTRY--TOPICAL TERM
Topical term or geographic name entry element Leadership Religious aspects Catholic Church
9 (RLIN) 243455
650 ## - SUBJECT ADDED ENTRY--TOPICAL TERM
Topical term or geographic name entry element Jesuits History
9 (RLIN) 243456
650 ## - SUBJECT ADDED ENTRY--TOPICAL TERM
Topical term or geographic name entry element Management Moral and ethical aspects
9 (RLIN) 243457
942 ## - ADDED ENTRY ELEMENTS (KOHA)
Source of classification or shelving scheme Dewey Decimal Classification
Koha item type Book
Holdings
Withdrawn status Lost status Source of classification or shelving scheme Damaged status Not for loan Collection code Home library Current library Shelving location Date acquired Source of acquisition Cost, normal purchase price Total Checkouts Full call number Barcode Date last seen Date last checked out Cost, replacement price Price effective from Koha item type
    Dewey Decimal Classification     Bio Chemistry St Aloysius Library St Aloysius Library Stack Section 10/24/2025 amazon.in 1607.53 1 658.4092 LOWH 077933 03/31/2026 03/11/2026 2499.00 10/03/2025 Book